| 000 -LEADER |
| fixed length control field |
00635nam a22001817a 4500 |
| 008 - FIXED-LENGTH DATA ELEMENTS--GENERAL INFORMATION |
| fixed length control field |
151019b xxu||||| |||| 00| 0 eng d |
| 020 ## - INTERNATIONAL STANDARD BOOK NUMBER |
| International Standard Book Number |
9780789735652 (pbk. w/cd) |
| 020 ## - INTERNATIONAL STANDARD BOOK NUMBER |
| International Standard Book Number |
0789735652 (pbk. w/cd) |
| 041 0# - LANGUAGE CODE |
| Language code of text/sound track or separate title |
eng |
| 080 ## - UNIVERSAL DECIMAL CLASSIFICATION NUMBER |
| Universal Decimal Classification number |
004.16 |
| 100 1# - Rafti |
| Rafti |
Brooks, Charles J. |
| 245 10 - TITLE STATEMENT |
| Title |
CompTIA A+ : |
| Statement of responsibility, etc |
Charles J. Brooks, David L. Prowse. |
| 260 ## - |
| -- |
[Indianapolis, Ind.?] : |
| -- |
Que Pub., |
| -- |
c2008. |
| 300 ## - |
| -- |
xxiii, 1421 f. : |
| -- |
me il.; |
| -- |
23 cm. |
| -- |
1 CD-ROM (4 3/4 in.). |
| 650 #0 - |
| -- |
Përpunimi i të dhënave elektronike |
| 650 #0 - |
| -- |
Mikrokompjuterët |
| 942 ## - ADDED ENTRY ELEMENTS (KOHA) |
| Source of classification or shelving scheme |
|
| Item type |
Books |